000 00579nam a2200181 i 4500
001 35017
003 ES-MaACL
005 20250612063104.0
007 t|
008 030211s1932 sp ||||1| spa d
100 1 _aBorrás, Tomás,
_d1891-1976
_930556
245 1 0 _aMadre, la mi madre
_b: romance escénico /
_cTomás Borrás ; dibujo de Fontanals.
260 _aMadrid :
_b[s.n.,
_c1932] (
_fImp. Helénica)
300 _a38 p., 1 lám. ;
_c17 cm.
700 1 _aFontanals i del Castillo, Joaquim.
_9146893
852 _aES-MaACL
_j1681-F-19
999 _c35017
_d35017